Statistics for Geography Analogies #1

Click here to take the quiz!

General Stats

  • This quiz has been taken 34,086 times
  • The average score is 13 of 20

Answer Stats

This is to this … As … % Correct
Edinburgh is to ScotlandCardiff is to {Wales}
92%
Seine is to Paris{Thames} is to London
86%
Lesotho is to South AfricaSan Marino is to {Italy}
85%
Sicily is to MediterraneanJamaica is to {Caribbean}
83%
España is to Spain{Deutschland} is to Germany
81%
Ankara is to Turkey{Brasilia} is to Brazil
77%
Ukraine is to USSRCroatia is to {Yugoslavia}
75%
Peking is to BeijingBombay is to {Mumbai}
74%
Mount Rainier is to CascadesMont Blanc is to {Alps}
65%
Sigmund Freud is to
Vienna
Louis Armstrong is to
{New} {Orleans}
61%
Seattle is to Washington{Detroit} is to Michigan
61%
Hong Kong is to
the United Kingdom
Macau is to
{Portugal}
60%
Jakarta is to JavaHonolulu is to {Oahu}
56%
Elbrus is to Europe{Kilimanjaro} is to Africa
50%
Utah is to Colorado{Alberta} is to Saskatchewan
46%
Carthage is to TunisBabylon is to {Baghdad}
43%
Denali is to Mount McKinleyUluru is to {Ayers} {Rock}
42%
1980 is to Mount St. Helens1883 is to {Krakatoa}
40%
Hainan is to China{Tasmania} is to Australia
38%
Chicago is to MichiganCleveland is to {Erie}
35%

Score Distribution

Percentile by Number Answered

Percent of People with Each Score

Your Score History

You have not taken this quiz